Introducción al álgebra : nociones de álgebra lineal /

Guardado en:
Autor Principal: Cotlar, Mischa.
Otros Autores: Ratto de Sadosky, Cora.
Formato: Libro
Idioma:Spanish
Publicado: [Buenos Aires] : Eudeba, Editorial Universitaria de Buenos Aires, c1963.
Series:Ediciones previas (Editorial Universitaria de Buenos Aires)
Etiquetas: Agregar Etiqueta
Sin Etiquetas, Sea el primero en etiquetar este registro!
LEADER 00763nam a22001935a 4500
001 MAT.inmabb002561
008 050425s1963####ag#a#####b####001#0#spa#d
005 20160527145624.0
245 1 0 |a Introducción al álgebra :  |b nociones de álgebra lineal /  |c Mischa Cotlar, Cora Ratto de Sadosky. 
260 |a [Buenos Aires] :  |b Eudeba, Editorial Universitaria de Buenos Aires,  |c c1963. 
300 |a 216 p. :  |b il. ;  |c 23 cm. 
490 0 |a Ediciones previas. Matemáticas 
510 4 |a MR,  |c 35 #4061  |3 (de la 4ª ed.) 
504 |a Bibliografía: p. 211-212. 
100 1 |a Cotlar, Mischa. 
700 1 |a Ratto de Sadosky, Cora. 
830 0 |a Ediciones previas (Editorial Universitaria de Buenos Aires) 
084 |a 12-01 (15-01 20-01)  |2 msc2000 
859 |h 12  |i C844  |p A-8218  |b BIB. MATEMATICA